[Event "Montevideo Trebejos Primavera op"]
[Site "Montevideo"]
[Date "2019.09.20"]
[Round "4"]
[White "Salle, Fernando"]
[Black "Capretti, Luciano"]
[Result "1/2-1/2"]
[WhiteElo "1261"]
[BlackElo "1442"]
[PlyCount "115"]
[EventDate "2019.09.09"]
[EventType "swiss"]
[EventRounds "6"]
[EventCountry "URU"]
[SourceTitle "CBM 195 Extra"]
[Source "ChessBase"]
[SourceDate "2020.05.31"]
[SourceVersion "1"]
[SourceVersionDate "2020.05.31"]
[SourceQuality "1"]

1. e4 e5 2. Nf3 Nf6 3. Nxe5 d6 4. Nf3 Nxe4 5. Qe2 Qe7 6. d3 Nf6 7. Bg5 Qxe2+ 8. Bxe2 Be7 9. Nc3 Nc6 10. h3 h6 11. Be3 b6 12. 0-0-0 Bb7 13. Rhe1 0-0-0 14. d4 d5 15. g4 Rhe8 16. a3 Ne4 17. Nxe4 dxe4 18. Ne5 Nxe5 19. dxe5 f6 20. exf6 Bxf6 21. Bc4 Rxd1+ 22. Rxd1 Rd8 23. Be6+ Kb8 24. Rxd8+ Bxd8 25. Bd4 Bf6 26. Bxf6 gxf6 27. Kd2 c5 28. Ke3 Kc7 29. Bf5 Kd6 30. Bxe4 Bc8 31. f4 Bd7 32. Kf3 Be8 33. h4 Bf7 34. Ke3 a5 35. c3 a4 36. Kd3 Bb3 37. g5 fxg5 38. hxg5 hxg5 39. fxg5 Ke5 40. Ke3 Be6 41. Bh7 b5 42. g6 Bf5 43. Kf3 Kf6 44. Kf4 Bc2 45. Ke3 Ke5 46. Kf3 Kf6 47. Kf4 Bf5 48. Bg8 Bxg6 49. Bd5 Be8 50. b3 axb3 51. Bxb3 Bd7 52. Bg8 Be6 53. Bxe6 Kxe6 54. Ke4 Kd6 55. Kd3 Kd5 56. c4+ bxc4+ 57. Kc3 Kc6 58. a4 1/2-1/2